| 000 | 00716nam a22002297a 4500 | ||
|---|---|---|---|
| 005 | 20170124110246.0 | ||
| 010 | _aA-369754 | ||
| 020 |
_c00.00 _a812020218 |
||
| 035 | _aA-369754 | ||
| 037 | _bCen Lib/Ret | ||
| 040 |
_aDPL _bEN |
||
| 082 |
_a375.4 _bSOO |
||
| 100 |
_aSood, S.C _997599 |
||
| 245 |
_aNew directions in english language and literature teaching in India / _cby S.C. Sood |
||
| 260 |
_aDelhi _bAjanta Publications _c1988 |
||
| 270 |
_aDelhi _bJavahar Nagar _e110007 |
||
| 300 |
_a144p. _c20cm(Hb) |
||
| 500 | _aincludes bibliographical references and index | ||
| 650 |
_aEnglish literature _997600 |
||
| 650 |
_aEnglish language _91922 |
||
| 942 |
_2ddc _cEN _h375.4 _mSOO |
||
| 999 |
_c135539 _d135539 |
||